| 000 | 01685cab a2200229 4500 | ||
|---|---|---|---|
| 001 | L130404 | ||
| 008 | 050725n2005 000 0 eng u | ||
| 035 | _a(Sirsi) u130404 | ||
| 041 | _aeng | ||
| 100 | _aGordon, Warren | ||
| 245 | _aCase news: Alan Douglas Kind v Secretary of State for Environment, Food and Rural Affairs | ||
| 260 | _c2005 | ||
| 490 |
_aProperty Week _v70(28) 15 July 2005, 82(1) |
||
| 520 | _aConsiders "Kind v SoS Environment, Food and Rural Affairs" ([2005] EWHC 1324 (Admin), [2005] npc 83) concerning a successful challenge to the SoS's decision to refuse to reclassify a lane as a byway open to all traffic. The Trail Riders Fellowship, a trail riding organisation, had been using a Wiltshire lane known as Preshute 12 as a motorcycling track but the issue arose as to whether vehicles should be allowed to use the lane. In 1970, the 1950 definitive map showing Preshute 12 as a highway used by the public including vehicular use was redrawn to show it as a lane unsuitable for vehicles. Wiltshire County Council modified the map in February 2003 to show the lane as a byway open to all traffic again. After public objection an inspector refused to confirm the modification but the court held that vehicular rights were not extinguished and quashed the inspector's decision. | ||
| 590 | _aIKA020805 | ||
| 650 | _aR V SOS ENVIRONMENT, FOOD AND RURAL AFFAIRS EX P NUNN | ||
| 650 | _aNATIONAL PARKS AND ACCESS TO COUNTRYSIDE ACT 1949 | ||
| 650 | _aCOUNTRYSIDE ACT 1968 | ||
| 690 |
_aBoundary disputes _96221 |
||
| 856 |
_uhttps://www.bailii.org/ew/cases/EWHC/Admin/2005/1324.html _zView the decision free of charge at www.bailii.org... |
||
| 942 | _n0 | ||
| 999 |
_c75603 _d75603 |
||